| 000 | 01786cad a22002775a 4500 | ||
|---|---|---|---|
| 001 | L157139 | ||
| 008 | 121204s2012 xxk f v 000 0 eng d | ||
| 020 | _a9781842197783 | ||
| 035 | _a(Sirsi) u157139 | ||
| 050 | 0 | 4 | _a333.332 $2 18 |
| 110 | 2 |
_aRoyal Institution of Chartered Surveyors _94900 |
|
| 245 | 0 | 4 |
_aThe valuation of individual new-build homes _bRICS guidance note _h[old edition] |
| 250 | _a2nd ed. | ||
| 260 |
_aLondon _bRICS _c2012 |
||
| 300 |
_avi. 27p. _c30 cm |
||
| 490 | 0 |
_aRICS Guidance Note _v(GN 52/2012) |
|
| 505 | 2 | _aRICS guidance notes -- Introduction -- The new-build market -- Client instructions -- Reviewing the instructions -- Inspection and restricted inspections -- Assumptions, special assumptions, planning and building regulations -- Assessing the property and the development -- Analysing the market -- Weighing the evidence -- The valuation -- Appendix, CML Disclosure of Incentives Form | |
| 520 | _aThis guidance note is intended for property that is yet to be occupied for the first time, or occupied for the first time in its current form, either because it is a new construction, a conversion, or a renovation from an earlier use. The Guidance Note discusses the approach to the valuation of such a new-build property, which may be one unit on a large, part-developed site, a one-off new home, or a conversion in a former building. | ||
| 520 | _aIn effect June 2012 to December 2019. Superseded by 3rd edition ISBN 9781783213818 | ||
| 521 | _aAdvanced | ||
| 590 | _aKA | ||
| 651 | 4 | _aUnited Kingdom | |
| 690 |
_aValuation _96273 |
||
| 856 | 4 | 0 |
_uhttps://www.isurv.com/downloads/file/3659/archive_valuation_of_individual_new-build_homes_2nd_edition_june_2012-december_2019 _zArchived on isurv (subscription required) |
| 942 |
_n0 _2ddc |
||
| 999 |
_c114623 _d114623 |
||